000 00824nam a2200313Ia 4500
001 121
005 20240113233356.0
007 ta
008 041201s1986 a g b000 u 465 u
020 _a81-7023-057-8
040 _aCotton College Assam
041 _a465
082 _a582
_bRa 15 Fl
100 _aRandhawa, G.S. .
245 0 _aFloriculture in India /
_cG.S.Randhawa & Amitabha Mukhopadhyay.
_hTextual Documents
250 _a1st ed. /
260 _aCalcutta :
_bAllied Publishers Ltd. ,
_cC1986.
300 _axiv,656p. :
_bill ;
_c23cm. .
504 _aIndex
653 _aBotany
653 _aFloriculture- India
653 _aG-Botany
700 _aMukhopadhyay, Amitabha .
942 _2ddc
_cBK
999 _c121
_d121